[Event "3rd Asia-ch"]
[Site "Kolkata IND"]
[Date "2001.08.09"]
[Round "1"]
[White "Abu Sufian, Shakil"]
[Black "Vakhidov, Tahir"]
[Result "0-1"]
[WhiteElo "2276"]
[BlackElo "2474"]
[EventDate "2001.08.09"]
[PlyCount "92"]

1.e4 c5 2.Nf3 a6 3.c3 d5 4.exd5 Qxd5 5.d4 e6 6.Be2 cxd4 7.cxd4 Nf6 8.O-O 
Nc6 9.Nc3 Qd6 10.Bg5 Be7 11.Qd2 O-O 12.Rad1 Rd8 13.a3 Qc7 14.Bd3 Nxd4 15.
Nxd4 Rxd4 16.Qc2 h6 17.Bxf6 Bxf6 18.Nd5 Qxc2 19.Nxf6+ gxf6 20.Bxc2 Rd7 21.
Be4 Rb8 22.g4 Kf8 23.Kg2 Ke7 24.Kg3 a5 25.Kh4 Rxd1 26.Rxd1 Bd7 27.Rc1 Kd6 
28.f4 Bc6 29.Rd1+ Ke7 30.Bc2 Kf8 31.Rd2 Rc8 32.Kh5 Kg7 33.Kh4 Bd5 34.Kg3 
Rh8 35.Bd1 Rc8 36.Bc2 b5 37.Kf2 Kf8 38.Ke3 Ke7 39.Bd3 b4 40.axb4 axb4 41.
Be4 Kd6 42.h4 Rc1 43.Bxd5 exd5 44.b3 Rh1 45.h5 Rh3+ 46.Kd4 Rf3 0-1

[Event "3rd Asia-ch"]
[Site "Kolkata IND"]
[Date "2001.08.09"]
[Round "1"]
[White "Utut Adianto"]
[Black "Egin, Vladimir"]
[Result "1/2-1/2"]
[WhiteElo "2598"]
[BlackElo "2451"]
[EventDate "2001.08.09"]
[PlyCount "66"]

1.d4 d5 2.Nf3 Nf6 3.Bg5 Ne4 4.Bh4 c5 5.dxc5 Nc6 6.e3 g6 7.Nbd2 Nxc5 8.Be2 
Bg7 9.c3 O-O 10.O-O Qd6 11.Bg3 e5 12.b4 Nd7 13.Ne4 Qe6 14.Nfg5 Qe7 15.Qxd5
Nb6 16.Qc5 f6 17.Nf3 Rd8 18.b5 Qxc5 19.Nxc5 Na5 20.Rfd1 Bf5 21.e4 Bg4 22.
Nb3 Nac4 23.Rxd8+ Rxd8 24.a4 Rc8 25.a5 Nd7 26.a6 bxa6 27.Rxa6 Ncb6 28.h3 
Be6 29.Na5 Rxc3 30.Rxa7 Nc5 31.Nc6 Nxe4 32.Ra6 Nxg3 33.fxg3 Bf8 1/2-1/2

[Event "3rd Asia-ch"]
[Site "Kolkata IND"]
[Date "2001.08.09"]
[Round "1"]
[White "Al-Modiahki, Mohamad"]
[Black "Al-Sayed, Mohamad Naser"]
[Result "1-0"]
[WhiteElo "2492"]
[BlackElo "2299"]
[EventDate "2001.08.09"]
[PlyCount "47"]

1.e4 c5 2.Nf3 Nc6 3.Nc3 g6 4.Bb5 Nd4 5.Bc4 Nf6 6.d3 d6 7.Nxd4 cxd4 8.Ne2 
Qb6 9.O-O Bg7 10.c3 dxc3 11.Nxc3 O-O 12.Rb1 Be6 13.Be3 Qd8 14.Bxe6 fxe6 
15.Qb3 Qd7 16.h3 Kh8 17.Rbc1 d5 18.e5 Nh5 19.d4 Nf4 20.g3 Nh5 21.Qb5 Qd8 
22.Ne2 Rf3 23.Qxb7 Rb8 24.Qa6 1-0

[Event "3rd Asia-ch"]
[Site "Kolkata IND"]
[Date "2001.08.09"]
[Round "1"]
[White "Annageldiev, Orazly"]
[Black "Mishra, Neeraj Kumar"]
[Result "1-0"]
[WhiteElo "2485"]
[BlackElo "2293"]
[EventDate "2001.08.09"]
[PlyCount "103"]

1.Nf3 Nf6 2.d4 e6 3.c4 b6 4.a3 Ba6 5.e3 Be7 6.Nc3 d5 7.Qa4+ Qd7 8.Qb3 dxc4
9.Bxc4 Bxc4 10.Qxc4 Nc6 11.b4 O-O 12.Bb2 a5 13.b5 Na7 14.Ne5 Qd6 15.O-O 
Rfc8 16.Rac1 Rab8 17.a4 Qd8 18.Rfd1 Bd6 19.f4 Qe8 20.Nc6 Nxc6 21.bxc6 Nd5 
22.Kf2 Rd8 23.g3 Qe7 24.e4 Nxc3 25.Rxc3 Bxf4 26.gxf4 Qh4+ 27.Ke3 Qh3+ 28.
Kd2 Qxh2+ 29.Qe2 Rxd4+ 30.Rd3 Qxf4+ 31.Kc2 Rxd3 32.Qxd3 h5 33.Kb1 h4 34.
Rf1 Qd6 35.Qf3 f6 36.e5 Qd5 37.Qxd5 exd5 38.exf6 gxf6 39.Rxf6 b5 40.Rh6 
Kf7 41.Be5 bxa4+ 42.Ka2 Re8 43.Rf6+ Ke7 44.Ka3 h3 45.Kxa4 Rh8 46.Rf1 Rh6 
47.Kb5 Kd8 48.Bf6+ Ke8 49.Re1+ Kf7 50.Be5 d4 51.Bxc7 d3 52.Bxa5 1-0

[Event "3rd Asia-ch"]
[Site "Kolkata IND"]
[Date "2001.08.09"]
[Round "1"]
[White "Bin Sattar, Reefat"]
[Black "Djao Thien Hai"]
[Result "1-0"]
[WhiteElo "2444"]
[BlackElo "2572"]
[EventDate "2001.08.09"]
[PlyCount "67"]

1.e4 c5 2.b3 Nc6 3.Bb2 e5 4.Bb5 d6 5.Bxc6+ bxc6 6.Ne2 Qh4 7.O-O Nf6 8.f4 
Be7 9.Nbc3 O-O 10.Qe1 Qh6 11.f5 d5 12.Bc1 dxe4 13.Ng3 e3 14.Nce4 Qh4 15.d3
c4 16.bxc4 Nxe4 17.dxe4 Ba6 18.Bxe3 Bxc4 19.Rf3 a5 20.Qc3 Bb5 21.Bc5 Rfd8 
22.a4 Ba6 23.Bxe7 Qxe7 24.f6 Qa7+ 25.Kh1 Qd4 26.fxg7 Qd1+ 27.Rxd1 Rxd1+ 
28.Rf1 Bxf1 29.h3 Rad8 30.Kh2 R8d4 31.Qc5 Kxg7 32.Qxe5+ f6 33.Nf5+ Kg6 34.
Qg3+ 1-0

[Event "3rd Asia-ch"]
[Site "Kolkata IND"]
[Date "2001.08.09"]
[Round "1"]
[White "Dableo, Ronald"]
[Black "Li Wenliang"]
[Result "0-1"]
[WhiteElo "2310"]
[BlackElo "2494"]
[EventDate "2001.08.09"]
[PlyCount "78"]

1.c4 Nf6 2.Nc3 e6 3.e4 d5 4.e5 d4 5.exf6 dxc3 6.bxc3 Qxf6 7.d4 e5 8.Qe2 
Be7 9.Qxe5 Qxe5+ 10.dxe5 Nc6 11.Nf3 Bg4 12.Be2 O-O-O 13.Bf4 Rhe8 14.O-O f6
15.Rfe1 fxe5 16.Nxe5 Nxe5 17.Bxe5 Bxe2 18.Rxe2 Bf6 19.f4 Rd3 20.Rf1 Kd7 
21.Rf3 Rxf3 22.gxf3 Bxe5 23.Rxe5 Rxe5 24.fxe5 Ke6 25.f4 g5 26.fxg5 Kxe5 
27.Kf2 Kf4 28.h4 Kg4 29.Ke3 Kxh4 30.Kf4 c5 31.a3 b6 32.a4 Kh3 33.Kf3 Kh4 
34.Kf4 a6 35.Kf5 Kg3 36.Ke5 Kg4 37.g6 hxg6 38.Kd5 Kf4 39.Kc6 Ke5 0-1

[Event "3rd Asia-ch"]
[Site "Kolkata IND"]
[Date "2001.08.09"]
[Round "1"]
[White "Donguines, Fernie"]
[Black "Kunte, Abhijit"]
[Result "1/2-1/2"]
[WhiteElo "2411"]
[BlackElo "2547"]
[EventDate "2001.08.09"]
[PlyCount "74"]

1.e4 c5 2.Nf3 e6 3.g3 Nc6 4.Bg2 Nf6 5.Qe2 d5 6.e5 Nd7 7.d3 Be7 8.h4 b5 9.
O-O a5 10.Re1 b4 11.Bf4 a4 12.Nbd2 a3 13.b3 Ba6 14.Qd1 Rc8 15.Nf1 Nd4 16.
Ne3 Nb6 17.h5 h6 18.Bh3 Na8 19.Ng2 Nc7 20.Nxd4 cxd4 21.Bd2 Nb5 22.Rc1 O-O 
23.Qg4 Kh8 24.f4 Nc3 25.Ra1 Rc6 26.Rf1 Qc7 27.Ne1 Qb6 28.Rf2 Ne4 29.Rg2 
Nxd2 30.Rxd2 Qc5 31.Rf2 Qc3 32.Rb1 Qc5 33.Qe2 Rfc8 34.Rg2 Qb6 35.Rd1 Qc7 
36.Rd2 Qb6 37.Rd1 Qc7 1/2-1/2

[Event "3rd Asia-ch"]
[Site "Kolkata IND"]
[Date "2001.08.09"]
[Round "1"]
[White "Dzhumaev, Marat"]
[Black "Mahjoob, Morteza"]
[Result "0-1"]
[WhiteElo "2497"]
[BlackElo "2335"]
[EventDate "2001.08.09"]
[PlyCount "145"]

1.e4 c5 2.Nf3 e6 3.d3 Nc6 4.g3 d5 5.Nbd2 g6 6.Bg2 Bg7 7.O-O Nge7 8.Re1 b6 
9.Qe2 Qc7 10.Nf1 Bb7 11.e5 h6 12.h4 O-O-O 13.c3 Kb8 14.Rb1 Rc8 15.b4 cxb4 
16.cxb4 Nf5 17.Qb2 Ka8 18.b5 Nb8 19.Bd2 Nd7 20.a4 Qc2 21.Qa3 Bf8 22.Bb4 
Bxb4 23.Qxb4 Qxd3 24.Rb3 Qc4 25.Qa3 Nd4 26.Nxd4 Qxd4 27.a5 bxa5 28.Qxa5 
Qb6 29.Qa2 Rc5 30.Ra1 Rhc8 31.Qb1 Nxe5 32.Rba3 Kb8 33.Qe1 f6 34.Rxa7 Rxb5 
35.R7a2 g5 36.hxg5 hxg5 37.Qe2 Rb3 38.Qh5 Rb2 39.Rxb2 Qxb2 40.Qd1 Ng4 41.
Qxg4 Qxa1 42.Qxe6 Qe5 43.Qb6 Rc7 44.Ne3 Qa1+ 45.Bf1 Rc1 46.Kh2 Rxf1 47.
Qd6+ Ka7 48.Qc5+ Ka6 49.Nxf1 Qxf1 50.Qa3+ Kb6 51.Qe3+ Kb5 52.Qe8+ Bc6 53.
Qb8+ Kc4 54.Qb6 Bb5 55.Qxf6 Qe2 56.Qf7 g4 57.Qc7+ Kb3 58.Qb6 Qd3 59.Qe6 
Qd4 60.Kg1 Bd3 61.Qc6 Qa1+ 62.Kh2 Bc4 63.Qb6+ Kc2 64.Qg6+ Kd1 65.Qxg4+ Be2
66.Qf5 d4 67.Qe4 Qb2 68.g4 d3 69.g5 d2 70.g6 Qb6 71.Kg2 Ke1 72.g7 d1=Q 73.
g8=Q 0-1

[Event "3rd Asia-ch"]
[Site "Kolkata IND"]
[Date "2001.08.09"]
[Round "1"]
[White "Ghorbani, Mohsen"]
[Black "Barsov, Alexei"]
[Result "0-1"]
[WhiteElo "2334"]
[BlackElo "2495"]
[EventDate "2001.08.09"]
[PlyCount "132"]

1.d4 e6 2.c4 Nf6 3.Nf3 d5 4.g3 dxc4 5.Bg2 a6 6.a4 Nc6 7.O-O Na5 8.Nbd2 Nd5
9.Ne5 c3 10.Ne4 f6 11.Nf3 cxb2 12.Bxb2 Nc4 13.Bc1 a5 14.Qb3 Nd6 15.Ned2 
Ra6 16.e4 Rb6 17.Qd1 Nc3 18.Qe1 Rb4 19.Qe3 Nxa4 20.Ba3 Nc4 21.Nxc4 Rxc4 
22.Qb3 Nb6 23.Bxf8 a4 24.Qd3 Rxf8 25.Rfb1 Rc5 26.Qd2 Rc6 27.Bf1 Rd6 28.Qc2
g6 29.Rc1 Rf7 30.Be2 Kf8 31.h4 Rc6 32.Qd2 Rxc1+ 33.Qxc1 Bd7 34.Qe3 Kg7 35.
Rc1 h6 36.Bd3 Be8 37.Bb1 Rd7 38.Kg2 Rd6 39.Ba2 Qe7 40.Nh2 h5 41.Nf3 Rc6 
42.Ra1 Nc4 43.Qe2 b5 44.Kh2 e5 45.d5 Rc5 46.Ne1 Nb6 47.Rb1 Rc3 48.Nc2 Qc5 
49.Nb4 Bd7 50.Qe1 Bg4 51.Na6 Qd4 52.Nb4 Rf3 53.Kg2 Ra3 54.Kg1 Rxg3+ 55.Kh2
Rf3 56.Kg2 Rf4 57.Nc6 Qd3 58.Qe3 Bf3+ 59.Kh3 Bxe4 60.Qxd3 Bxd3 61.Rd1 Rxf2
62.Bb1 Bxb1 63.Rxb1 Rf3+ 64.Kg2 Rb3 65.Rd1 Nc4 66.d6 cxd6 0-1

[Event "3rd Asia-ch"]
[Site "Kolkata IND"]
[Date "2001.08.09"]
[Round "1"]
[White "Hakki, Imad"]
[Black "Villamayor, Buenaventura"]
[Result "1-0"]
[WhiteElo "2428"]
[BlackElo "2560"]
[EventDate "2001.08.09"]
[PlyCount "103"]

1.e4 e6 2.d4 d5 3.Nc3 Bb4 4.Ne2 dxe4 5.a3 Bxc3+ 6.Nxc3 Nc6 7.d5 exd5 8.
Qxd5 Be6 9.Qxe4 Nf6 10.Qh4 Qd4 11.Qxd4 Nxd4 12.Bd3 h6 13.Be3 O-O-O 14.
O-O-O Ng4 15.Rhe1 Nxe3 16.Rxe3 c5 17.Ne2 g5 18.Nxd4 Rxd4 19.Re5 c4 20.Bf5 
Rxd1+ 21.Kxd1 Kd7 22.Bxe6+ fxe6 23.Rc5 Rf8 24.Ke2 Rf4 25.g3 Re4+ 26.Kf3 
Rd4 27.Ke3 Rd1 28.Rxc4 Rb1 29.b3 b5 30.Rb4 a6 31.a4 Kc6 32.axb5+ axb5 33.
Re4 Kd5 34.Rd4+ Kc6 35.h4 Rc1 36.hxg5 hxg5 37.Kd2 Rf1 38.Ke2 Rc1 39.Rd2 
Kc5 40.Kd3 Kd5 41.Kc3+ Kc5 42.Kd3 Kb4 43.Kd4 g4 44.c4 bxc4 45.bxc4 Rxc4+ 
46.Ke5 Kc3 47.Re2 Kd3 48.Re3+ Kd2 49.Kxe6 Rc8 50.Kf5 Rf8+ 51.Kxg4 Rxf2 52.
Re8 1-0

[Event "3rd Asia-ch"]
[Site "Kolkata IND"]
[Date "2001.08.09"]
[Round "1"]
[White "Isaev, Jamshed"]
[Black "Peng Xiaomin"]
[Result "1/2-1/2"]
[WhiteElo "2454"]
[BlackElo "2629"]
[EventDate "2001.08.09"]
[PlyCount "90"]

1.e4 e5 2.Nf3 Nc6 3.Bb5 Nf6 4.d4 exd4 5.O-O Be7 6.Re1 O-O 7.e5 Ne8 8.Bf4 
f6 9.Bxc6 dxc6 10.Qxd4 Qxd4 11.Nxd4 Bc5 12.c3 fxe5 13.Bxe5 Nd6 14.Nd2 Bd7 
15.Ne4 Nxe4 16.Rxe4 Bb6 17.Bg3 Rae8 18.Rae1 Rxe4 19.Rxe4 c5 20.Nf3 Bc6 21.
Re7 Rd8 22.h3 Bxf3 23.gxf3 Rd2 24.Be5 Kf8 25.Rxg7 Re2 26.Rg5 c4 27.Rf5+ 
Kg8 28.Rg5+ Kf7 29.f4 Rxf2 30.Bxc7 Rxb2+ 31.Bxb6 axb6 32.Rg2 Rb1+ 33.Kh2 
b5 34.Kg3 b4 35.cxb4 Rxb4 36.Kf3 b5 37.Ke3 Ke6 38.Kd4 Rb1 39.Rg5 Rb2 40.
Kc3 Rxa2 41.Rxb5 Ra3+ 42.Kxc4 Rxh3 43.Kd4 h5 44.Ke4 h4 45.Rb6+ Kf7 1/2-1/2

[Event "3rd Asia-ch"]
[Site "Kolkata IND"]
[Date "2001.08.09"]
[Round "1"]
[White "Iuldachev, Saidali"]
[Black "Hossain, Enamul"]
[Result "0-1"]
[WhiteElo "2508"]
[BlackElo "2353"]
[EventDate "2001.08.09"]
[PlyCount "62"]

1.e4 e6 2.d3 c5 3.Nf3 Nc6 4.g3 Nge7 5.Bg2 g6 6.h4 h6 7.Be3 Bg7 8.Nc3 Nd4 
9.O-O O-O 10.Qd2 Kh7 11.Nh2 d6 12.f4 Rb8 13.Rae1 Qa5 14.g4 f5 15.h5 gxh5 
16.gxf5 exf5 17.Kh1 Bd7 18.Rg1 Nb5 19.Bf3 Nxc3 20.Bxh5 Bc6 21.Nf3 Qxa2 22.
bxc3 fxe4 23.dxe4 Qe6 24.f5 Qf6 25.Bf4 Rbd8 26.Rg3 Rg8 27.Bg5 Nxf5 28.exf5
Qxf5 29.Bxd8 Qxh5+ 30.Kg2 Bxf3+ 31.Rxf3 Bxc3+ 0-1

[Event "3rd Asia-ch"]
[Site "Kolkata IND"]
[Date "2001.08.09"]
[Round "1"]
[White "Izmukhambetov, Salauat"]
[Black "Barua, Dibyendu"]
[Result "0-1"]
[WhiteElo "2352"]
[BlackElo "2499"]
[EventDate "2001.08.09"]
[PlyCount "98"]

1.e4 e5 2.Bc4 Nf6 3.d3 Bc5 4.Nf3 d6 5.c3 O-O 6.O-O Be6 7.Nbd2 Nc6 8.b4 Bb6
9.a4 a6 10.a5 Ba7 11.Re1 d5 12.exd5 Nxd5 13.Ne4 f6 14.d4 Kh8 15.Qb3 exd4 
16.Nc5 Bg8 17.Nxd4 Bxc5 18.bxc5 Ne5 19.Bf1 Qd7 20.Qc2 Rfd8 21.Bb2 Qg4 22.
h3 Qg5 23.Qf5 Qd2 24.Re2 Qh6 25.Ree1 Qd2 26.Re2 Qf4 27.Ree1 Qxf5 28.Nxf5 
Nf4 29.Re4 Ne6 30.Ba3 Nc6 31.Bb4 Rd5 32.Ne3 Rg5 33.Rg4 Rh5 34.Be2 Re5 35.
Rg3 f5 36.Bf3 f4 37.Bxc6 fxg3 38.Bxb7 gxf2+ 39.Kxf2 Rf8+ 40.Bf3 Ng5 41.Ng4
Nxf3 42.gxf3 Ref5 43.c6 Rxf3+ 44.Kg2 R8f5 45.Rd1 h5 46.Nh2 Rf2+ 47.Kg1 Rb2
48.Rd8 Rg5+ 49.Kh1 Rb1+ 0-1

[Event "3rd Asia-ch"]
[Site "Kolkata IND"]
[Date "2001.08.09"]
[Round "1"]
[White "Kazhgaleev, Murtas"]
[Black "Paragua, Mark"]
[Result "0-1"]
[WhiteElo "2585"]
[BlackElo "2444"]
[EventDate "2001.08.09"]
[PlyCount "84"]

1.d4 Nf6 2.c4 g6 3.Nc3 Bg7 4.Nf3 O-O 5.Bg5 c5 6.d5 d6 7.e4 e6 8.h3 exd5 9.
cxd5 Bd7 10.Bd3 b5 11.O-O c4 12.Bc2 Re8 13.a3 a5 14.Re1 Na6 15.Qd2 b4 16.
axb4 axb4 17.Ne2 Qc7 18.Ned4 c3 19.bxc3 bxc3 20.Qf4 Nh5 21.Qe3 Nb4 22.Rxa8
Rxa8 23.g4 Nf6 24.Qf4 Ne8 25.e5 Nxc2 26.Nxc2 dxe5 27.Nxe5 Ba4 28.Nb4 c2 
29.d6 Nxd6 30.Nd5 Qa5 31.Ne7+ Kh8 32.Nd3 Bb5 33.Nb4 Nc4 34.Nxc2 Qc3 35.Rc1
Ne5 36.Ne1 Qxh3 37.Nd5 Nxg4 38.Nf3 h6 39.Nc7 Rc8 40.Rd1 Rxc7 41.Qxc7 Qxf3 
42.Rd2 Bc6 0-1

[Event "3rd Asia-ch"]
[Site "Kolkata IND"]
[Date "2001.08.09"]
[Round "1"]
[White "Kostenko, Petr"]
[Black "Nolte, Rolando"]
[Result "1/2-1/2"]
[WhiteElo "2494"]
[BlackElo "2324"]
[EventDate "2001.08.09"]
[PlyCount "125"]

1.c4 Nf6 2.Nc3 g6 3.g3 Bg7 4.Bg2 O-O 5.d3 c5 6.a3 Nc6 7.Rb1 a6 8.Be3 d6 9.
b4 cxb4 10.axb4 Be6 11.b5 axb5 12.cxb5 Na5 13.Nf3 Qc7 14.Bd2 Nd7 15.b6 
Nxb6 16.Nb5 Qd8 17.Nfd4 Ba2 18.Ra1 Nc6 19.Nxc6 bxc6 20.Bxc6 Bxa1 21.Qxa1 
Bd5 22.Bxa8 Qxa8 23.O-O Qxa1 24.Rxa1 Ra8 25.Rb1 Rb8 26.e4 Be6 27.Nc7 Nd7 
28.Rxb8+ Nxb8 29.Nxe6 fxe6 30.f4 Kf7 31.Kf2 Nc6 32.Bc3 Ke8 33.Ke3 Kf7 34.
Kf3 Ke8 35.Kg4 Kf7 36.Kg5 Kg8 37.h4 Nd8 38.f5 Nf7+ 39.Kf4 e5+ 40.Kf3 Kg7 
41.g4 h6 42.Ke3 Kf6 43.fxg6 Kxg6 44.Bd2 h5 45.Kf3 Nd8 46.Be3 Nc6 47.g5 Kf7
48.Ke2 Nd8 49.Kd2 Ne6 50.Kc3 Nf8 51.Kc4 Ng6 52.Bf2 Ke6 53.Bg3 Nf8 54.Kb5 
Ng6 55.Kc6 Nf4 56.d4 Ne2 57.d5+ Kf7 58.Be1 Nf4 59.Bf2 Ke8 60.Kc7 Ng6 61.
Be1 Nf4 62.Bb4 Ng6 63.Be1 1/2-1/2

[Event "3rd Asia-ch"]
[Site "Kolkata IND"]
[Date "2001.08.09"]
[Round "1"]
[White "Liang Chong"]
[Black "Mallahi, Amir"]
[Result "1-0"]
[WhiteElo "2556"]
[BlackElo "2416"]
[EventDate "2001.08.09"]
[PlyCount "81"]

1.d4 d5 2.c4 e6 3.Nc3 c5 4.cxd5 exd5 5.Nf3 Nc6 6.g3 Nf6 7.Bg2 Be7 8.O-O 
O-O 9.Bg5 c4 10.Ne5 Be6 11.e3 Nd7 12.Nxc6 bxc6 13.Bxe7 Qxe7 14.b3 Nb6 15.
Qc2 Rab8 16.Rfc1 Rfc8 17.Ne2 Rc7 18.Nf4 c5 19.Qd1 Rd8 20.Rc3 Bf5 21.Rac1 
Qf6 22.Bf1 Be4 23.h4 h6 24.Bh3 Rd6 25.dxc5 Rxc5 26.Qd4 Ra5 27.Qd2 d4 28.
exd4 Rxd4 29.Qe1 Bc6 30.bxc4 Rxa2 31.Bg2 Rdd2 32.Bxc6 Qxc6 33.Nh3 Na4 34.
Re3 Nc5 35.Re8+ Kh7 36.Qe5 Rxf2 37.Nxf2 Rxf2 38.Qd5 Qf6 39.Qxc5 Rf3 40.Kg2
Rf5 41.Qe3 1-0

[Event "3rd Asia-ch"]
[Site "Kolkata IND"]
[Date "2001.08.09"]
[Round "1"]
[White "Liang Jinrong"]
[Black "Konguvel, Ponnuswamy"]
[Result "1/2-1/2"]
[WhiteElo "2510"]
[BlackElo "2371"]
[EventDate "2001.08.09"]
[PlyCount "43"]

1.e4 c5 2.Nf3 d6 3.d4 cxd4 4.Nxd4 Nf6 5.f3 g6 6.c4 Nc6 7.Nc3 Bg7 8.Be3 O-O
9.Qd2 Nxd4 10.Bxd4 Be6 11.Be2 Qa5 12.O-O Rfc8 13.b3 b5 14.b4 Qxb4 15.Rab1 
Qa5 16.Rxb5 Qd8 17.Nd5 Nxd5 18.cxd5 Bd7 19.Rb2 Bxd4+ 20.Qxd4 Rab8 21.Rxb8 
Rxb8 22.Qxa7 1/2-1/2

[Event "3rd Asia-ch"]
[Site "Kolkata IND"]
[Date "2001.08.09"]
[Round "1"]
[White "Magai, Vladimir"]
[Black "Garma, Chito"]
[Result "1/2-1/2"]
[WhiteElo "2537"]
[BlackElo "2409"]
[EventDate "2001.08.09"]
[PlyCount "77"]

1.d4 e6 2.c4 c5 3.d5 Nf6 4.Nc3 exd5 5.cxd5 g6 6.e4 d6 7.h3 Bg7 8.Nf3 O-O 
9.Bd3 Na6 10.O-O Nc7 11.Re1 a6 12.a4 b6 13.Bf4 Rb8 14.Bf1 b5 15.e5 dxe5 
16.Nxe5 Bb7 17.Nc6 Bxc6 18.dxc6 Rc8 19.axb5 axb5 20.Nxb5 Nxb5 21.Qxd8 
Rfxd8 22.Bxb5 Nd5 23.Bg5 Rd6 24.Ba6 Rdxc6 25.Bxc8 Rxc8 26.Rad1 Bd4 27.Re2 
Rb8 28.Rdd2 Rb3 29.Bh6 f6 30.Re8+ Kf7 31.Rd8 Nb6 32.Re2 g5 33.Bf8 Kg6 34.
Re7 h5 35.Re4 h4 36.Rexd4 cxd4 37.Rxd4 Rxb2 38.Be7 Rb5 39.Rb4 1/2-1/2

[Event "3rd Asia-ch"]
[Site "Kolkata IND"]
[Date "2001.08.09"]
[Round "1"]
[White "Moradiabadi, Elshan"]
[Black "Antonio, Rogelio jr"]
[Result "1-0"]
[WhiteElo "2404"]
[BlackElo "2535"]
[EventDate "2001.08.09"]
[PlyCount "100"]

1.d4 Nf6 2.Nf3 e6 3.Bg5 h6 4.Bxf6 Qxf6 5.e4 d6 6.Nc3 g6 7.Qd2 Bg7 8.Bd3 a6
9.e5 Qe7 10.O-O-O d5 11.Ne2 c5 12.Nf4 cxd4 13.Bxg6 fxg6 14.Nxg6 Qf7 15.
Nxh8 Bxh8 16.Qxh6 Bg7 17.Qg5 Nc6 18.h4 Kd7 19.Rhe1 Qf8 20.Kb1 Bh6 21.Qg3 
Kc7 22.Nxd4 Bd7 23.Nxc6 bxc6 24.Rd3 a5 25.Qf3 Qb4 26.Qd1 Rb8 27.Rb3 Qf4 
28.Rxb8 Kxb8 29.g4 Qxf2 30.g5 Bg7 31.Rf1 Qe3 32.Qe1 Qd4 33.Qxa5 Bxe5 34.
Qc3 Qe4 35.Rf8+ Bc8 36.Qb3+ Kc7 37.a4 Qxh4 38.Rf7+ Bd7 39.Qe3 Kd6 40.Rxd7+
Kxd7 41.Qxe5 Qxa4 42.Qg7+ Kd6 43.Qf8+ Ke5 44.Qf6+ Kd6 45.g6 Qg4 46.b3 Kc5 
47.g7 Kb5 48.Qf7 Qd1+ 49.Kb2 Qd4+ 50.Ka2 Qe4 1-0

[Event "3rd Asia-ch"]
[Site "Kolkata IND"]
[Date "2001.08.09"]
[Round "1"]
[White "Nadera, Barlo"]
[Black "Wang Zili"]
[Result "1-0"]
[WhiteElo "2421"]
[BlackElo "2557"]
[EventDate "2001.08.09"]
[PlyCount "134"]

1.d4 Nf6 2.c4 c5 3.d5 b5 4.cxb5 a6 5.bxa6 Bxa6 6.Nc3 g6 7.Nf3 d6 8.e4 Bxf1
9.Kxf1 Nbd7 10.g3 Bg7 11.Kg2 O-O 12.h3 Qc7 13.Re1 Rfb8 14.Re2 Ne8 15.Rc2 
Qa7 16.Qe2 Rb4 17.Bg5 h6 18.Bd2 Qb7 19.Rb1 Qa6 20.Re1 Kh7 21.a3 Qxe2 22.
Rxe2 Rb7 23.Nd1 Nef6 24.Bc1 Ra4 25.Nc3 Ra6 26.Re3 Ne8 27.Nd1 Nc7 28.Nc3 
Bd4 29.Re1 Bg7 30.Nd2 Nb5 31.Nxb5 Rxb5 32.f4 Ra7 33.Re3 Rab7 34.b3 Nb6 35.
Rd3 Ra5 36.Kf3 f5 37.exf5 gxf5 38.g4 fxg4+ 39.hxg4 Ra8 40.Ne4 Nd7 41.Re2 
Rab8 42.Nd2 Kg6 43.Kg3 Kf7 44.a4 Bd4 45.Rh2 Nf6 46.Rxh6 Nxd5 47.g5 Ne3 48.
Rh7+ Kg6 49.Rh6+ Kf7 50.Rh7+ Kg8 51.g6 d5 52.Kf3 Nf5 53.Kg4 Ne3+ 54.Kf3 
Nc2 55.Kg4 Rb6 56.f5 Ne3+ 57.Kf4 e5+ 58.Kg5 Rf8 59.Rf7 Rxf7 60.gxf7+ Kxf7 
61.Nf3 Nc2 62.Nxd4 Nxd4 63.Rh3 Kg7 64.a5 Ra6 65.f6+ Kg8 66.Kg6 e4 67.Bh6 
Nf3 1-0

[Event "3rd Asia-ch"]
[Site "Kolkata IND"]
[Date "2001.08.09"]
[Round "1"]
[White "Nazarov, Anvar"]
[Black "Torre, Eugenio"]
[Result "1/2-1/2"]
[WhiteElo "2410"]
[BlackElo "2541"]
[EventDate "2001.08.09"]
[PlyCount "125"]

1.e4 Nf6 2.d3 d5 3.Nd2 e5 4.Ngf3 Nc6 5.Be2 Bc5 6.O-O O-O 7.c3 a5 8.h3 Re8 
9.Qc2 Ba7 10.Re1 Qd6 11.Nf1 Qc5 12.Bd1 d4 13.Bg5 Nd7 14.c4 Qf8 15.Qe2 Nc5 
16.Ng3 a4 17.Bd2 Bb6 18.Rf1 Ba5 19.Ne1 a3 20.Bxa5 axb2 21.Qxb2 Rxa5 22.Rb1
Ne6 23.Bg4 Qa3 24.Bxe6 Rxe6 25.Qd2 Qc3 26.Qxc3 dxc3 27.Ne2 Ra3 28.Rb3 Rxb3
29.axb3 Nd4 30.Nxc3 Nxb3 31.Nf3 c6 32.Rd1 Re8 33.Kf1 f6 34.Ke2 Rd8 35.Na4 
b5 36.cxb5 cxb5 37.Nc3 Nc5 38.Nxb5 Ba6 39.Nc3 Rxd3 40.Rxd3 Nxd3 41.Ke3 Nf4
42.Ne1 Bf1 43.Kf3 g5 44.Nb1 h5 45.Nd2 Ba6 46.Ke3 Kf7 47.f3 Ke6 48.Nb1 Kd6 
49.Nc3 Kc5 50.Nd1 Be2 51.Nc3 Bf1 52.Kf2 Kd4 53.Nd1 Bc4 54.Ne3 Be6 55.Nd1 
Bc8 56.Kf1 Be6 57.Kf2 Bd7 58.Ne3 Kc3 59.Nd1+ Kd2 60.Ne3 Be6 61.Nf1+ Kc3 
62.Ne3 Kd2 63.N3c2 1/2-1/2

[Event "3rd Asia-ch"]
[Site "Kolkata IND"]
[Date "2001.08.09"]
[Round "1"]
[White "Nguyen Anh Dung"]
[Black "Liu, Dede"]
[Result "1-0"]
[WhiteElo "2533"]
[BlackElo "2402"]
[EventDate "2001.08.09"]
[PlyCount "76"]

1.d4 Nf6 2.c4 e6 3.Nc3 Bb4 4.Qc2 c5 5.dxc5 Na6 6.a3 Bxc3+ 7.Qxc3 Nxc5 8.f3
d6 9.e4 e5 10.b4 Ne6 11.Bd3 O-O 12.Ne2 a5 13.Be3 Nh5 14.O-O g5 15.Rfd1 
axb4 16.Qxb4 Ra6 17.Nc3 Nhf4 18.Bf1 g4 19.fxg4 Qg5 20.Kh1 Qxg4 21.Rxd6 Nd4
22.Rxa6 Nc2 23.Qb2 Nxe3 24.Rb6 f5 25.Nd5 Nfxd5 26.exd5 Qe4 27.Rb3 Ng4 28.
h3 Ne3 29.Bd3 Qf4 30.c5 Qg3 31.Qe2 f4 32.Qf3 Qh4 33.Rb2 Rf7 34.c6 Rg7 35.
Rc1 bxc6 36.Rb8 Rg3 37.Rxc8+ Kg7 38.Rc7+ Kg8 1-0

[Event "3rd Asia-ch"]
[Site "Kolkata IND"]
[Date "2001.08.09"]
[Round "1"]
[White "Rahman, Taibur"]
[Black "Zagrebelny, Sergei"]
[Result "1/2-1/2"]
[WhiteElo "2246"]
[BlackElo "2466"]
[EventDate "2001.08.09"]
[PlyCount "51"]

1.d4 Nf6 2.c4 e6 3.Nf3 b6 4.g3 Bb7 5.Bg2 Be7 6.O-O O-O 7.Nc3 Ne4 8.Qc2 
Nxc3 9.Qxc3 c5 10.Rd1 d6 11.Qc2 Nd7 12.Ng5 Bxg5 13.Bxb7 Rb8 14.Bxg5 Qxg5 
15.Bc6 Qe7 16.Bxd7 Qxd7 17.b3 Qe7 18.Rd3 f5 19.Rad1 Rb7 20.Qd2 h6 21.dxc5 
dxc5 22.Rd7 Rxd7 23.Qxd7 Qxd7 24.Rxd7 Rf7 25.Rd8+ Rf8 26.Rd7 1/2-1/2

[Event "3rd Asia-ch"]
[Site "Kolkata IND"]
[Date "2001.08.09"]
[Round "1"]
[White "Rahman, Ziaur"]
[Black "Turpanov, Milan"]
[Result "1-0"]
[WhiteElo "2468"]
[BlackElo "2276"]
[EventDate "2001.08.09"]
[PlyCount "79"]

1.Nf3 d5 2.d4 c6 3.c4 Nf6 4.Nc3 dxc4 5.a4 Bg4 6.e3 e6 7.Bxc4 Nbd7 8.h3 Bh5
9.O-O Bd6 10.a5 O-O 11.Be2 Qe7 12.e4 e5 13.dxe5 Nxe5 14.Nd4 Bxe2 15.Qxe2 
Bc5 16.Be3 Rfe8 17.Nf5 Qf8 18.Bg5 Re6 19.Kh1 h6 20.Bxf6 Rxf6 21.f4 Ng6 22.
Qg4 Ne7 23.Nh4 Ng6 24.e5 Re6 25.Nf3 Rae8 26.Ne2 R6e7 27.h4 Rc7 28.Rad1 Ne7
29.Nc3 Rd8 30.f5 Nd5 31.Nxd5 cxd5 32.f6 Kh7 33.b4 Be3 34.Rd3 Rc4 35.fxg7 
Qxg7 36.Qf5+ Qg6 37.Qxg6+ Kxg6 38.Rxe3 Rxb4 39.e6 f6 40.Rd1 1-0

[Event "3rd Asia-ch"]
[Site "Kolkata IND"]
[Date "2001.08.09"]
[Round "1"]
[White "Ravi, Lanka"]
[Black "Yu Shaoteng"]
[Result "0-1"]
[WhiteElo "2389"]
[BlackElo "2517"]
[EventDate "2001.08.09"]
[PlyCount "72"]

1.Nf3 Nf6 2.d4 e6 3.c4 b6 4.Nc3 Bb4 5.e3 Bb7 6.Bd3 O-O 7.O-O Bxc3 8.bxc3 
Ne4 9.Ne1 f5 10.f3 Nf6 11.Nc2 Qe8 12.a4 Nc6 13.Ba3 d6 14.e4 fxe4 15.fxe4 
e5 16.c5 dxc5 17.dxc5 Nd7 18.Rxf8+ Nxf8 19.Ne3 Ne7 20.Qb3+ Kh8 21.Rf1 Nfg6
22.Rf7 Bd5 23.exd5 Qxf7 24.Qc2 Nf4 25.d6 Nxd3 26.Qxd3 cxd6 27.cxd6 Ng6 28.
a5 Qa2 29.Nc2 Qb1+ 30.Kf2 Rf8+ 31.Kg3 Nf4 32.Qe4 Qd1 33.Ne3 Qe1+ 34.Kg4 
Nxg2 35.Qxg2 Qxe3 36.d7 Rf4+ 0-1

[Event "3rd Asia-ch"]
[Site "Kolkata IND"]
[Date "2001.08.09"]
[Round "1"]
[White "Roghani, Arash"]
[Black "Zhang Pengxiang"]
[Result "0-1"]
[WhiteElo "2294"]
[BlackElo "2487"]
[EventDate "2001.08.09"]
[PlyCount "54"]

1.d4 d5 2.c4 c6 3.Nf3 Nf6 4.cxd5 cxd5 5.Nc3 Nc6 6.Bf4 a6 7.Rc1 g6 8.e3 Bg7
9.Ne5 O-O 10.Be2 e6 11.Nxc6 bxc6 12.O-O Nd7 13.Na4 e5 14.dxe5 Nxe5 15.Bxe5
Bxe5 16.Rxc6 Bd7 17.Rc5 Bxa4 18.Qxa4 Bxh2+ 19.Kh1 Bc7 20.g3 Bb6 21.Rc2 Qf6
22.Qc6 Qf5 23.Rd2 Bxe3 24.Rxd5 Qh3+ 25.Kg1 Qxg3+ 26.Kh1 Qh3+ 27.Kg1 Bf4 
0-1

[Event "3rd Asia-ch"]
[Site "Kolkata IND"]
[Date "2001.08.09"]
[Round "1"]
[White "Sadvakasov, Darmen"]
[Black "Prasad, Devaki"]
[Result "1/2-1/2"]
[WhiteElo "2568"]
[BlackElo "2440"]
[EventDate "2001.08.09"]
[PlyCount "118"]

1.e4 c5 2.Nf3 e6 3.g3 Nc6 4.Bg2 Nf6 5.d3 d6 6.O-O Be7 7.c3 O-O 8.a3 Rb8 9.
Nbd2 b5 10.d4 cxd4 11.cxd4 d5 12.e5 Ne4 13.Re1 Nxd2 14.Bxd2 a5 15.h4 b4 
16.Bg5 bxa3 17.bxa3 Bd7 18.Rc1 a4 19.Bxe7 Qxe7 20.Rc5 Rb3 21.Qc1 Rc8 22.
Nd2 Rbb8 23.Qc3 Na7 24.Bf1 Rxc5 25.dxc5 Bc6 26.Rb1 Rxb1 27.Nxb1 g6 28.Nd2 
Qc7 29.Nf3 d4 30.Nxd4 Qxe5 31.Qe3 Qxe3 32.fxe3 Bd7 33.Kf2 Kf8 34.Ke1 Ke7 
35.Kd2 e5 36.Nf3 f6 37.Kc3 Kd8 38.Nd2 Ke7 39.Kb4 Ke6 40.e4 f5 41.Ka5 Nc6+ 
42.Kxa4 Nd4+ 43.Kb4 Bc6 44.Bc4+ Kd7 45.Bd5 Nc2+ 46.Kc3 Ne3 47.Nc4 Bxd5 48.
Nxe3 Bxe4 49.Nc4 Ke6 50.a4 f4 51.gxf4 exf4 52.Kd4 Bc6 53.a5 f3 54.a6 h6 
55.a7 g5 56.hxg5 hxg5 57.Ne5 Ba8 58.c6 Kd6 59.Ke3 g4 1/2-1/2